La pesantez de la vida cotidiana

Guardat en:
Dades bibliogràfiques
Autor corporatiu: Actuel Marx Intervenciones (Autor)
Format: Llibre
Idioma:espanyol
Publicat: Santiago LOM 2009
Edició:1a. ed
Matèries:
Etiquetes: Afegir etiqueta
Sense etiquetes, Sigues el primer a etiquetar aquest registre!

MARC

LEADER 00000nam a2200000 a 4500
001 UCG2940
003 CL-VaPUC
008 100805e20090000CL |||||||||||||||||spa|d
082 0 4 |a 901  |b ACT  |2 21 
110 2 |a Actuel Marx Intervenciones  |e author  |9 551647 
245 1 3 |a La pesantez de la vida cotidiana 
250 |a 1a. ed 
300 |a 205 p 
942 |c BK 
945 |d 20100805 00:00:00  |a cmena 
260 |a Santiago  |b LOM  |c 2009 
500 |a Corresponde a Revista: Actuel Marx Intervenciones, N§8, Segundo Semestre 2009 
500 |a http://www.actuelmarxint.cl 
650 0 |a Filosofía de la historia  |9 265651 
650 0 |a Problemas sociales  |9 258537 
650 0 |a Antropología cultural   |9 269905 
583 |a last modification  |c 20100805 00:00:00  |k Rodrigo Vera 
999 |c 342042  |d 342040 
952 |0 0  |1 0  |4 0  |6 901_000000000000000_ACT_2009  |7 0  |8 C  |9 437990  |a BIBCUR  |b BIBCUR  |d 2019-11-22  |i 4680421  |l 1  |o 901 ACT 2009  |p 4680421  |r 2025-04-22  |s 2023-05-18  |w 2019-11-22  |y BK  |k CAC